000 01063nam a22002057a 4500
003 OSt
005 20161119105420.0
008 140214b2016 slv spa
040 _cBMC
082 _a425.07
100 1 _940433
_aGarcía León, William Neri
245 1 0 _aCreación de cuestionarios de estudio para realizar prueba de suficiencia en los nivles de primero a sexto grado de educación básica para personal de alimentos étnicos centroamericanos S.A. de C.V.
_b: proyecto
_cWilliam Neri García León
260 _aSanta Ana (El Salvador)
_bUniversidad Católica de El Salvador
_c2016
300 _a142 p.
_bil. col
_c27 cm
_e+ 1 disco compacto
500 _aPrecede al tít.: Universidad Católica de El Salvador, Facultad de Ciencias y Humanidades
502 _aPara optar al grado académico de Licenciatura en Ciencias de la Educación con Especialidad en Idioma Inglés
650 2 4 _917614
_aLengua inglesa
_xGramática
_xEnseñanza
710 2 _91075
_aUniversidad Católica de El Salvador
_bFacultad de Ciencias y Humanidades
942 _2ddc
_cTG
999 _c26499
_d26499